Central Library OPAC University of Rajshahi

Rock deformation : (Record no. 11003)

MARC details
000 -LEADER
fixed length control field 00970cam a22002891 4500
001 - CONTROL NUMBER
control field 11003
003 - CONTROL NUMBER IDENTIFIER
rucl marc code BD-RjUL
005 - DATE AND TIME OF LATEST TRANSACTION
control field 20211208235043.0
008 - FIXED-LENGTH DATA ELEMENTS--GENERAL INFORMATION
fixed length control field 140125s1960 nyua b 100 0 eng
035 ## - SYSTEM CONTROL NUMBER
System control number (BD-RjUL)11052
System control number (OCoLC)542074
040 ## - CATALOGING SOURCE
Original cataloging agency DLC
Transcribing agency OKentU
Modifying agency OCoLC
-- DLC
-- BD-RjUL
Language of cataloging eng
041 ## - LANGUAGE CODE
Language code of text/sound track or separate title eng
082 00 - DEWEY DECIMAL CLASSIFICATION NUMBER
Classification number 551
Author mark and year ROC 1960
111 2# - MAIN ENTRY--MEETING NAME
Meeting name or jurisdiction name as entry element Symposium on Rock Deformation
Date of meeting (1956 :
Location of meeting University of California at Los Angeles)
9 (RLIN) 33995
245 10 - TITLE STATEMENT
Title Rock deformation :
Remainder of title a symposium /
Statement of responsibility, etc. by David Griggs and John Handin, editors.
300 ## - PHYSICAL DESCRIPTION
Pagination xi, 382 p. :
Illustrations illus. (part col.) diagrs., tables.
Size 26 cm.
410 20 - SERIES STATEMENT/ADDED ENTRY--CORPORATE NAME [OBSOLETE, CAN/MARC], [LOCAL, USA]
Corporate name or jurisdiction name as entry element Geological Society of America.
Title of a work Memoir
Volume number/sequential designation 79
504 ## - BIBLIOGRAPHY, ETC. NOTE
Bibliography, etc Includes index.
Bibliography, etc Bibliography: p. 365-373.
650 #0 - SUBJECT ADDED ENTRY--TOPICAL TERM
Topical term or geographic name as entry element Geophysics
Form subdivision Congresses.
9 (RLIN) 33996
700 1# - ADDED ENTRY--PERSONAL NAME
Personal name Griggs, David,
Dates associated with a name 1911-1974,
Relator term ed.
Personal name Handin, John,
Relator term ed.
942 ## - ADDED ENTRY ELEMENTS (KOHA)
Source of classification or shelving scheme Dewey Decimal Classification
Koha item type Books
Holdings
Lost status Source of classification or shelving scheme Damaged status Not for loan Collection code Permanent Location Current Location Shelving location Date acquired Source of acquisition Cost, normal purchase price Total Checkouts Full call number Date last seen Copy number Koha item type
  Dewey Decimal Classification   Not For Loan Non-fiction Central Library, University of Rajshahi Central Library, University of Rajshahi Reading Room 06/06/1964 Zeithlinger. 96.00   551 ROC 1960 25/01/2014 C-1 Books